[Event "Women's Baku Chess Olympiad"]
[Site "chess24.com"]
[Date "2016.09.12"]
[Round "10"]
[White "Gonzalez, Yaribeth"]
[Black "Maina, Purity"]
[Result "1-0"]
[Board "3"]
[WhiteID "6600344"]
[WhiteElo "1826"]
[WhiteTitle "WCM"]
[WhiteCountry "PAN"]
[WhiteFideId "6600344"]
[WhiteEloChange "3"]
[BlackID "10800514"]
[BlackElo "1528"]
[BlackTitle "WCM"]
[BlackCountry "KEN"]
[BlackFideId "10800514"]
[BlackEloChange "-3"]

1. e4 {[%clk 1:30:52]} e5 {[%clk 1:30:55]} 2. Bc4 {[%clk 1:31:15]} Nf6 {[%clk
1:30:56]} 3. d3 {[%clk 1:29:36]} Nc6 {[%clk 1:30:39]} 4. Nf3 {[%clk 1:29:38]} h6
{[%clk 1:27:52]} 5. a3 {[%clk 1:29:32]} Bc5 {[%clk 1:26:24]} 6. O-O {[%clk
1:27:27]} d6 {[%clk 1:26:32]} 7. c3 {[%clk 1:27:41]} Bg4 {[%clk 1:25:50]} 8. b4
{[%clk 1:27:24]} Bb6 {[%clk 1:24:50]} 9. Qb3 {[%clk 1:17:08]} O-O {[%clk
1:22:51]} 10. Nbd2 {[%clk 1:17:36]} a6 {[%clk 1:22:05]} 11. Bb2 {[%clk 1:17:59]}
Ba7 {[%clk 1:21:56]} 12. a4 {[%clk 1:12:30]} Ne7 {[%clk 1:16:04]} 13. Qc2 {[%clk
1:10:15]} Be6 {[%clk 1:13:02]} 14. d4 {[%clk 1:07:30]} Bxc4 {[%clk 1:07:03]} 15.
Nxc4 {[%clk 1:07:12]} exd4 {[%clk 1:01:34]} 16. cxd4 {[%clk 1:03:44]} Nxe4 {[%clk
0:56:58]} 17. Qxe4 {[%clk 0:53:11]} d5 {[%clk 0:56:58]} 18. Qe2 {[%clk 0:11:58]}
dxc4 {[%clk 0:56:48]} 19. Qxc4 {[%clk 0:12:17]} Qd6 {[%clk 0:52:27]} 20. b5
{[%clk 0:11:42]} axb5 {[%clk 0:49:53]} 21. Qxb5 {[%clk 0:09:36]} b6 {[%clk
0:47:58]} 22. Ba3 {[%clk 0:09:42]} Qf6 {[%clk 0:46:26]} 23. Qd7 {[%clk 0:08:36]}
c5 {[%clk 0:45:09]} 24. dxc5 {[%clk 0:08:37]} bxc5 {[%clk 0:45:19]} 25. Qb5
{[%clk 0:08:05]} Rfc8 {[%clk 0:43:08]} 26. Rfe1 {[%clk 0:07:59]} Ng6 {[%clk
0:41:42]} 27. Qc4 {[%clk 0:06:34]} Bb6 {[%clk 0:41:28]} 28. Rab1 {[%clk 0:06:41]}
Qc6 {[%clk 0:39:17]} 29. Re4 {[%clk 0:05:05]} Re8 {[%clk 0:37:46]} 30. Rxe8+
{[%clk 0:05:14]} Rxe8 {[%clk 0:37:28]} 31. Qb5 {[%clk 0:04:42]} Re6 {[%clk
0:32:55]} 32. Qxc6 {[%clk 0:05:04]} Rxc6 {[%clk 0:33:20]} 33. Rc1 {[%clk
0:04:12]} c4 {[%clk 0:32:03]} 34. Kf1 {[%clk 0:03:08]} Nf4 {[%clk 0:28:35]} 35.
Ne5 {[%clk 0:02:53]} Rc8 {[%clk 0:20:08]} 36. Rxc4 {[%clk 0:01:26]} Rxc4 {[%clk
0:18:50]} 37. Nxc4 {[%clk 0:01:55]} Bd4 {[%clk 0:17:22]} 38. a5 {[%clk 0:01:18]}
Nd5 {[%clk 0:13:42]} 39. Nd6 {[%clk 0:01:04]} f6 {[%clk 0:11:35]} 40. Nb5 {[%clk
0:31:01]} Be5 {[%clk 0:37:53]} 41. Bc5 {[%clk 0:30:09]} Bc7 {[%clk 0:35:07]} 42.
a6 {[%clk 0:29:43]} Bb6 {[%clk 0:35:19]} 43. Bxb6 {[%clk 0:08:10]} Nxb6 {[%clk
0:35:41]} 44. Nc7 {[%clk 0:08:38]} Nc8 {[%clk 0:34:46]} 45. Ke2 {[%clk 0:09:07]}
Kf7 {[%clk 0:34:51]} 46. Ke3 {[%clk 0:09:36]} Ke7 {[%clk 0:34:51]} 47. Ke4 {[%clk
0:09:35]} Kd7 {[%clk 0:34:07]} 48. Nb5 {[%clk 0:07:13]} Ke6 {[%clk 0:28:45]} 49.
a7 {[%clk 0:07:06]} Nb6 {[%clk 0:28:40]} 50. Nc7+ {[%clk 0:07:23]} Kd7 {[%clk
0:25:56]} 51. a8Q {[%clk 0:07:21]} Nxa8 {[%clk 0:25:19]} 52. Nxa8 {[%clk
0:07:49]} 1-0

[Event "Women's Baku Chess Olympiad"]
[Site "chess24.com"]
[Date "2016.09.12"]
[Round "10"]
[White "Kabengano, Joyce"]
[Black "Prasad, Tanvi"]
[Result "1-0"]
[Board "3"]
[WhiteID "10000836"]
[WhiteElo "1559"]
[WhiteCountry "UGA"]
[WhiteFideId "10000836"]
[WhiteEloChange "4"]
[BlackID "11401117"]
[BlackElo "1339"]
[BlackCountry "FIJ"]
[BlackFideId "11401117"]
[BlackEloChange "-4"]

1. e4 {[%clk 1:30:56]} e5 {[%clk 1:30:50]} 2. Nf3 {[%clk 1:31:18]} Nc6 {[%clk
1:30:51]} 3. Bc4 {[%clk 1:31:24]} Nf6 {[%clk 1:30:32]} 4. d3 {[%clk 1:31:33]} Bc5
{[%clk 1:30:25]} 5. h3 {[%clk 1:31:34]} O-O {[%clk 1:30:29]} 6. O-O {[%clk
1:31:25]} d5 {[%clk 1:25:46]} 7. exd5 {[%clk 1:27:42]} Nxd5 {[%clk 1:26:05]} 8.
Re1 {[%clk 1:27:48]} Re8 {[%clk 1:26:03]} 9. Bxd5 {[%clk 1:27:26]} Qxd5 {[%clk
1:26:14]} 10. Nc3 {[%clk 1:27:37]} Qd8 {[%clk 1:26:18]} 11. Ne4 {[%clk 1:26:28]}
Bd6 {[%clk 1:25:07]} 12. a3 {[%clk 1:21:39]} Nd4 {[%clk 1:23:11]} 13. Be3 {[%clk
1:20:32]} Nxf3+ {[%clk 1:23:12]} 14. Qxf3 {[%clk 1:17:52]} a6 {[%clk 1:20:37]}
15. b4 {[%clk 1:13:19]} Rb8 {[%clk 1:19:49]} 16. Qh5 {[%clk 1:09:09]} Be6 {[%clk
1:19:06]} 17. Ng5 {[%clk 1:07:24]} h6 {[%clk 1:19:06]} 18. Nxe6 {[%clk 1:07:05]}
Rxe6 {[%clk 1:19:18]} 19. Qf3 {[%clk 1:06:02]} b6 {[%clk 1:12:01]} 20. c4 {[%clk
0:58:09]} c5 {[%clk 1:11:55]} 21. Rab1 {[%clk 0:57:04]} cxb4 {[%clk 1:11:42]} 22.
axb4 {[%clk 0:57:10]} b5 {[%clk 1:11:42]} 23. c5 {[%clk 0:55:08]} Be7 {[%clk
1:11:42]} 24. Bd2 {[%clk 0:51:46]} Rc8 {[%clk 1:07:52]} 25. Bc3 {[%clk 0:44:42]}
Rf6 {[%clk 1:05:45]} 26. Qd1 {[%clk 0:42:08]} Qd5 {[%clk 1:05:16]} 27. Rxe5
{[%clk 0:39:31]} Qd7 {[%clk 1:04:44]} 28. Rxe7 {[%clk 0:38:51]} Qxe7 {[%clk
1:04:51]} 29. Bxf6 {[%clk 0:39:00]} Qxf6 {[%clk 1:05:06]} 30. d4 {[%clk 0:39:04]}
Rd8 {[%clk 1:05:04]} 31. d5 {[%clk 0:39:11]} Qe5 {[%clk 1:04:10]} 32. d6 {[%clk
0:39:13]} a5 {[%clk 1:03:55]} 33. Qd3 {[%clk 0:36:56]} axb4 {[%clk 1:04:07]} 34.
Qxb5 {[%clk 0:36:58]} Rxd6 {[%clk 1:03:33]} 35. Qb8+ {[%clk 0:37:14]} Kh7 {[%clk
1:03:21]} 36. Qxd6 {[%clk 0:37:16]} Qxd6 {[%clk 1:03:36]} 37. cxd6 {[%clk
0:37:34]} Kg6 {[%clk 1:03:35]} 38. d7 {[%clk 0:37:41]} f6 {[%clk 1:03:35]} 39.
d8Q {[%clk 0:37:39]} Kh7 {[%clk 1:04:04]} 40. Rxb4 {[%clk 1:07:17]} Kg6 {[%clk
1:34:19]} 41. Qd3+ {[%clk 1:07:21]} Kf7 {[%clk 1:34:36]} 42. Rb6 {[%clk 1:07:26]}
Ke7 {[%clk 1:34:46]} 43. Qd6+ {[%clk 1:07:39]} Kf7 {[%clk 1:35:04]} 44. Rb7+
{[%clk 1:07:07]} Kg6 {[%clk 1:35:22]} 45. Qg3+ {[%clk 1:07:06]} Kf5 {[%clk
1:35:39]} 46. Qg4+ {[%clk 1:07:13]} Ke5 {[%clk 1:36:18]} 47. Rb5+ {[%clk
1:09:19]} Kd6 {[%clk 1:36:37]} 48. Qe4 {[%clk 1:08:28]} Kd7 {[%clk 1:36:47]} 49.
Rb6 {[%clk 1:08:31]} Kc7 {[%clk 1:36:55]} 50. Qb7+ {[%clk 1:08:23]} Kd8 {[%clk
1:37:13]} 51. Ra6 {[%clk 1:08:20]} Ke8 {[%clk 1:37:23]} 52. Ra8# {[%clk 1:08:38]}
1-0